000 00291nam a22001337a 4500
008 170309b xxu||||| |||| 00| 0 eng d
020 _a9780323011280
041 _aeng
080 _a611
100 _a6
101 _aSHM
245 _aENDOCRINE PHYSIOLOGY
_cPORTEFIELD.S.P
942 _2udc
_cBK
999 _c7350
_d7350